| 000 | 00367pab a2200145 454500 | ||
|---|---|---|---|
| 008 | 180718b1988 xxu||||| |||| 00| 0 eng d | ||
| 100 | _aBrown, Charles | ||
| 245 |
_aMinimum wage laws _bAre they overrated? |
||
| 260 | _c1988 | ||
| 300 | _a133-45 | ||
| 362 | _aSummer | ||
| 650 | _aWages - Legislation | ||
| 773 | _aJournal of Economic Perspectives | ||
| 909 | _a20534 | ||
| 999 |
_c20534 _d20534 |
||